MARC details
| 000 -CABECERA |
| campo de control de longitud fija |
02760cab a2200289 ab4500 |
| 005 - FECHA Y HORA DE LA ÚLTIMA TRANSACCIÓN |
| campo de control |
20250321125901.0 |
| 008 - ELEMENTOS DE LONGITUD FIJA--INFORMACIÓN GENERAL |
| campo de control de longitud fija |
991125c2018 mx tr p o 000 0 spa d |
| 035 ## - NÚMERO DE CONTROL DEL SISTEMA |
| Número de control de sistema |
UPN01000232308 |
| 040 ## - FUENTE DE LA CATALOGACIÓN |
| Centro catalogador/agencia de origen |
MX-MxUPN |
| Lengua de catalogación |
spa |
| Centro/agencia transcriptor |
MX-MxUPN |
| Normas de descripción |
aacr2 |
| 049 ## - COLECCIÓN |
| Colección |
ART-E |
| 100 1# - ASIENTO PRINCIPAL--NOMBRE PERSONAL |
| Nombre de persona |
Arnaiz Sánchez, Pilar |
| Enlace |
- parnaiz@um.es |
| 9 (RLIN) |
28752 |
| 100 1# - ASIENTO PRINCIPAL--NOMBRE PERSONAL |
| Nombre de persona |
Martínez Rodríguez, Miryam |
| 245 10 - MENCIÓN DE TÍTULO |
| Título |
Centros educativos que se autoevalúan y reflexionan sobre sus resultados para mejorar la atención a la diversidad |
| 506 0# - NOTA DE RESTRICCIONES AL ACCESO |
| Limitaciones de acceso |
Acceso abierto |
| 520 3# - NOTA DE RESUMEN, ETC. |
| Sumario, etc. |
La atención a la diversidad requiere una respuesta educativa que permita a todo el alumnado alcanzar metas acordes a sus posibilidades, lo que muchas veces no se consigue, especialmente, en educación secundaria. El objetivo de este artículo es analizar los resultados que obtienen ocho centros, cinco de educación infantil y primaria y tres de secundaria de la Región de Murcia a partir de la autoevaluación que realiza el profesorado de los logros del alumnado en la adquisición de conocimientos, valores y obtención del graduado en Secundaria. Para ello se llevó a cabo una investigación descriptiva no-experimental de carácter cuantitativo en la que participaron 130 docentes seleccionados de manera no probabilística por conveniencia. Se utilizó el instrumento ACADI (Autoevaluación de Centros para la Atención a la Diversidad desde la Inclusión), en concreto, el ámbito D “Resultados”. Los análisis realizados mostraron que el profesorado tiene en cuenta la situación de partida del alumnado, especialmente del más vulnerable, y que aplica en su respuesta educativa estrategias, medidas y apoyos que facilitan el aprendizaje y la obtención del graduado en educación secundaria obligatoria. Asimismo evidencian el desarrollo de valores inclusivos, de hábitos de buena conducta y la resolución dialogada de conflictos. Se concluye afirmando que la atención a la diversidad del alumnado está presente, que la aplicación de medidas de atención a la diversidad ha mejorado el logro de los estudiantes y que hay que seguir potenciando la participación de todos los agentes educativos para que la educación inclusiva impregne todas sus acciones. REOP |
| 650 #4 - ASIENTO SECUNDARIO DE MATERIA - TERMINO TEMATICO |
| Término de materia o nombre geográfico como elemento de entrada |
Educación inclusiva |
| 9 (RLIN) |
7100 |
| 650 #4 - ASIENTO SECUNDARIO DE MATERIA - TERMINO TEMATICO |
| Término de materia o nombre geográfico como elemento de entrada |
Calidad de la educación |
| 9 (RLIN) |
4684 |
| 653 0# - TERMINO DE INDIZACION - NO CONTROLADO |
| Término no controlado |
Atención a la diversidd |
| 653 0# - TERMINO DE INDIZACION - NO CONTROLADO |
| Término no controlado |
Progreso académico |
| 653 0# - TERMINO DE INDIZACION - NO CONTROLADO |
| Término no controlado |
Mejora educativa |
| 773 ## - ENLACE AL DOCUMENTO FUENTE/ENTRADA DE REGISTRO ANFITRIÓN |
| Parte(s) relacionada(s) |
Vol. 29, no. 1, (2018), p. 74-90 |
| Título |
REOP : Revista española de orientación y psicopedagogía |
| Número Internacional Normalizado para Publicaciones Seriadas |
1989-7448 |
| 856 4# - LOCALIZACIÓN Y ACCESO ELECTRÓNICOS |
| Identificador Uniforme del Recurso |
<a href="https://revistas.uned.es/index.php/reop/article/view/23295">https://revistas.uned.es/index.php/reop/article/view/23295</a> |
| 856 4# - LOCALIZACIÓN Y ACCESO ELECTRÓNICOS |
| Identificador Uniforme del Recurso |
<a href="https://doi.org/10.5944/reop.vol.29.num.1.2018.23295 ">https://doi.org/10.5944/reop.vol.29.num.1.2018.23295 </a> |
| 902 ## - ELEMENTOS DE DATOS B LOCAL, LDB (RLIN) |
| Creó |
Leonor Sotres/210325 |
| 905 ## - TIPO DE MATERIAL |
| Tipo de material |
Articulo |
| 942 ## - ELEMENTOS DE PUNTO DE ACCESO ADICIONAL (KOHA) |
| Tipo de ítem Koha |
Artículo Electrónico |